000 00573cab a2200193 4500
001 WB2328-04
008 090401t1987 xxu||||| |||| 00| 0 eng d
035 _a(Sirsi) u43848
041 _aeng
245 _aScottish fish farming
260 _c1987
350 _a0
490 _aFinancial Times
_v15/7/87 p34
520 _aThe Crown Estate Commissioners is ready to spend more than 100,000 a year on research and training to help Scotland `s fast growing fish farming industry.
650 _aSEABED
690 _aRURAL PRACTICE
942 _n0
948 _c04/03/1997
999 _c27950
_d27950